1548 1600 1466 1277 1154 1220 1364 1955 1615 1277 1725 1271 1639 1172 1344 1862 1134 1840 1839 1567 1125 1150 1163 1561 1848 1486 1438 1997 2000 1859 1811 1235 1181 1546 1193 1012 1901 1808 1269 1842 1206 1690 1083 1722 1854 1426 1300 1611 1738 1501 1270 1249 1676 1234 1426 1062 1403 1276 1437 1570 1578 1956 1659 1359 1724 1326 1373 1164 1633 1995 1474 1691 1808 1364 1964 1535 1930 1419 1057 1985 1638 1775 1887 1060 1337 1579 1110 1689 1236 1162 1987 1742 1189 1504 1940 1028 1800 1589 1743 BCNSPRNW ULIB Ver.6.0+V

เปลี่ยนเป็นภาษาไทย

Change to English
 แสดงรายละเอียดบรรณานุกรม
  กลับหน้าหลัก

Brief Record : Get Marc (ISO 2709) : E-mail record : QR code < ปิดหน้าต่าง
LEADER : 00000nam 2200000uu 4500
001    13399114764
003     ULIB
008    120514s2553||||th 000 0 tha d
020    ^a9789741112692
060  4 ^aWB105^bว896
100    ^aเอกรินทร์ ภูมิเชฐ
245 00 ^aเวชบำบัดวิกฤตพื้นฐาน =^bFundamental in Critical care /^cบรรณาธิการ, เอกรินทร์ ภูมิเชฐ,ไชยรัตน์ เพิ่มพิกุล
246 31 ^aFundamental in Critical care
260    ^aกรุงเทพฯ :^bภาควิชาอายุรศาสตร์ คณะแพทย์ศาสตร์ศิริราชพยาบาล,^c2553
300    ^a437 หน้า :^bภาพประกอบสี
650  4 ^aเวชศาสตร์ฉุกเฉิน
650  4 ^aภาวะฉุกเฉิน
650  4 ^aผู้ป่วยหนัก^xการดูแล
700 0  ^aไชยรัตน์ เพิ่มพิกุล
710 1  ^aศิริราชพยาบาล.^bคณะแพทย์ศาสตร์.^bภาควิชาอายุรศาสตร์
945    ^p350^l0^i19045
995    ^aกัณชพร
999 ^a ใช้งานได้ทุกระบบ
รายการนี้ยังไม่มีแท็ก
คุณยังไม่ได้ล็อกอิน คุณสามารถมีกิจกรรมร่วมกับเว็บไซต์ได้ แต่ต้องล็อกอินก่อน ::
  ล็อกอิน

รายการสื่อสารสนเทศ

ลำดับที่ ประเภท เลขเรียก/บาร์โค้ด สถานที่ สถานะ
1. วิทยาศาสตร์การแพทย์ และสุขภาพ
วิทยาศาสตร์การแพทย์ และสุขภาพ
WB105 ว896  
  Barcode: 19045
ห้องสมุดวิทยาเขตนครสวรรค์
►ส่วนจัดเก็บหนังสือเก่า นว.
บนชั้น
  ขอยืม

รายการใกล้เคียง
    ผู้แต่ง [เอกรินทร์ ภูมิเชฐ]

    หัวเรื่อง [เวชศาสตร์ฉุกเฉิน]
    หัวเรื่อง [ภาวะฉุกเฉิน]

BibComment


ยังไม่เคยถูกคอมเมนท์

คอมเมนท์ทรัพยากรรายการนี้
  คอมเมนท์: เวชบำบัดวิกฤตพื้..


 Copyright 2026. Bcnsprnw @Library